Countries With H - Statistics

General Stats
  • This quiz has been taken 24 times
    13 since last reset
  • The average score is 20 of 29
Answer Stats
Continent Country % Correct
Asia China
100%
Asia Afghanistan
90%
South America Chile
90%
North America Haiti
90%
North America Honduras
90%
Europe Hungary
90%
Africa South Africa
90%
Asia Bahrain
80%
Africa Ghana
80%
Asia North Korea
80%
Asia South Korea
80%
Europe Czech Republic
70%
Africa Ethiopia
70%
Asia Kazakhstan
70%
Europe North Macedonia
70%
Africa South Sudan
70%
North Korea Bahamas
60%
Asia Bangladesh
60%
Asia Bhutan
60%
Africa Chad
60%
Europe Liechtenstein
60%
Oceania Marshall Islands
60%
Asia Philippines
60%
Asia Thailand
60%
Europe Lithuania
50%
Africa Lesotho
40%
Europe Netherlands
40%
Europe Bosnia and Herzegovina
20%
Africa Seychelles
20%
No matching quizzes found
Score Distribution
Percent of People with Each Score
Percentile by Number Answered
Your Score History
You have not taken this quiz since the last reset